| 000 | 00543nam a22001817a 4500 | ||
|---|---|---|---|
| 003 | CEME | ||
| 005 | 20210628203500.0 | ||
| 008 | 210121b xxu||||| |||| 00| 0 eng d | ||
| 020 | _a978-0-787982799 | ||
| 040 | _c. | ||
| 082 | _a659.2 WEI | ||
| 100 |
_aWeiner , Mark _965723 |
||
| 245 | _aUnleashing the power of pr, a contrarian's guide to marketing and communication | ||
| 260 |
_aUSA _bJOSSEY BASS _c2006 |
||
| 300 | _aXXI,247P | ||
| 650 |
_aPUBLIC RELATIONS.BUSINESS COMMUNICATION.COMMUNICATION IN MARKETING _965724 |
||
| 942 |
_cBK _2ddc |
||
| 999 |
_c573855 _d573855 |
||